Linear algebra (Record no. 505046)

MARC details
000 -LEADER
fixed length control field 00687nam a2200241Ia 4500
003 - CONTROL NUMBER IDENTIFIER
control field OSt
005 - DATE AND TIME OF LATEST TRANSACTION
control field 20220925183504.0
008 - FIXED-LENGTH DATA ELEMENTS--GENERAL INFORMATION
fixed length control field 220923b |||||||| |||| 00| 0 eng d
037 ## - SOURCE OF ACQUISITION
Terms of availability General Book
040 ## - CATALOGING SOURCE
Original cataloging agency RTL
Transcribing agency RTL
Language of cataloging eng
041 ## - LANGUAGE CODE
Source of code eng
Language code of text/sound track or separate title eng
100 ## - MAIN ENTRY--PERSONAL NAME
Personal name Helson Henry
9 (RLIN) 258674
245 #0 - TITLE STATEMENT
Title Linear algebra
Remainder of title Texts and readings in mathematics
250 ## - EDITION STATEMENT
Edition statement 2nd
260 ## - PUBLICATION, DISTRIBUTION, ETC.
Place of publication, distribution, etc. Delhi
Name of publisher, distributor, etc. Hindustan Book Agency
Date of publication, distribution, etc. 1994
300 ## - PHYSICAL DESCRIPTION
Extent 174p.
Dimensions cm.
490 ## - SERIES STATEMENT
Series statement Text and Readings in Mathematics,4
942 ## - ADDED ENTRY ELEMENTS (KOHA)
Classification part B25,1, N4/TD3
Koha item type General Books
Source of classification or shelving scheme Colon Classification (CC)
Holdings
Withdrawn status Lost status Damaged status Not for loan Home library Current library Date acquired Total Checkouts Full call number Barcode Date last seen Price effective from Koha item type
        Ratan Tata Library Ratan Tata Library 2022-09-25   B25,1 N4/TD3 RT01143793 Res 2022-09-25 2022-09-25 General Books
Copyright @ Delhi University Library System